| 000 | 00665nam a2200217Ia 4500 | ||
|---|---|---|---|
| 003 | GCL | ||
| 008 | 140319s9999 xx 000 0 ara d | ||
| 040 |
_aGCL / _cGCL |
||
| 082 | 0 | 4 |
_a584.5 _bم ا |
| 100 | 1 | _aزيدان هنرى عبد الحميد | |
| 245 | 1 | 0 |
_aافات النخيل والتمور / _cزيدان هنرى عبد الحميد |
| 700 | 1 | _aمحمد ابراهيم عبدالمجيد | |
| 700 | 1 | _aجميل برهان السعدنى | |
| 300 | _a320 ص | ||
| 490 | _a | ||
| 650 | 0 | 4 | _aالمحاصيل الزراعية |
| 650 | 0 | 4 | _aالنخيل |
| 650 | 0 | 4 | _aالنبات، علم |
| 650 | 0 | 4 | _aالتمر الهندى |
| 942 |
_2ddc _cBK |
||
| 999 |
_c48199 _d48199 |
||